Jacob, el suplantador /

Luis González de Alba (Charcas, San Luis Potosí, 1944) fue uno de los líderes del Movimiento Estudiantil de 1968, motivo por el cual estuvo preso en Lecumberri (1968-1971) y fue exiliado a Chile (1971-1972). La experiencia desemboca en Los días y los años (1971), primera novela del autor, quien a pa...

Descripció completa

Guardat en:
Dades bibliogràfiques
Autor principal: González de Alba, Luis (autor)
Format: Llibre
Idioma:espanyol
Publicat: México : Joaquín Mortiz, 1988, c1988
Col·lecció:(Nueva Narrativa Hispánica Joaquín Mortiz)
Matèries:
Etiquetes: Afegir etiqueta
Sense etiquetes, Sigues el primer a etiquetar aquest registre!

MARC

LEADER 00000nam^a2200000^a^4500
001 000298163
005 20250521000000.0
009 20260310112400.855
020 |a 968-27-0249-6 
037 |a Acervo Xavier Clavigero 
041 |a ESP 
082 |a 863.  |b GON 
100 |a González de Alba, Luis  |e (autor) 
245 1 0 |a Jacob, el suplantador /  |c L. González de Alba. 
264 4 |a México :  |b Joaquín Mortiz,  |c 1988, c1988 
300 |a 189 p. 
336 |a texto  |b txt  |2 rdacontenido 
337 |a sin mediación  |b n  |2 rdamedio 
338 |a volumen  |b nc  |2 rdasoporte 
440 1 |a (Nueva Narrativa Hispánica Joaquín Mortiz) 
520 |a Luis González de Alba (Charcas, San Luis Potosí, 1944) fue uno de los líderes del Movimiento Estudiantil de 1968, motivo por el cual estuvo preso en Lecumberri (1968-1971) y fue exiliado a Chile (1971-1972). La experiencia desemboca en Los días y los años (1971), primera novela del autor, quien a partir de 1973 empieza a ejercer el periodismo. Las novelas Y sigo siendo sola (1979), Jacob, el suplantador (1988), Agapi mu: amor amío (1993), Cielo de invierno (1999) y El sol de la tarde (2003) y el volumen de cuentos El vino de los bravos (1981) forman parte de su obra narrativa. Aunque estudió Psicología, es reconocido ampliamente por su trabajo de divulgación científica, que ejemplifican libros como Bases biológicas de la bisexualidad (1984), La ciencia, la calle y otras mentiras (1989) y El burro de Sancho y el gato de Schrödinger: un paseo al trote por cien años de física cuántica y su inesperada relación con la conciencia (2000). Ha militado en diversas organizaciones políticas y civiles a lo largo de su vida, faceta en la que destaca su participación activa en la lucha contra el SIDA y su postura poco complaciente con las fuerzas políticas de izquierda en México. 
649 |a XX 
650 |a Novela Mexicana 
650 |a Literatura Gay y Lésbica -  |z México 
650 |a Literatura Mexicana -  |y Siglo XXI 
650 |a Homosexualidad 
650 |a Prácticas Sexuales 
650 |a Sexualidad 
910 |a Fondo General 
920 |a Impresos - Libros 
930 |a Colección General 
940 |a Literatura 
905 |a 101 
901 |a 058031  |b IT1  |c LIT  |u 20250521 
902 |a https://opac.biblio.iteso.mx/vufind/Record/000298163